00696nam a2200133 a 4500020002700000020003000027100001900057245002900076250001200105260003600117300001300153520032600166856007000492 a0719528313 (paperback) a9780719528316 (paperback)1 aMackean, D. G.10aIntroduction to Biology/ a5th ed. a[S.l.] :bHodder Murray,c1973. a224 p. ; aThis popular text covers the biological knowledge needed for many of the syllabuses in the Tropics and includes sample examinations to help students prepare for the real thing. Chapters on ecology, the microscope, personal health and First Aid are included, as well as a handy glossary of biological and scientific terms.40uhttp://www.amazon.com/exec/obidos/ASIN/0719528313/chopaconline-20